Cádiz, 1812. La Constitución jurisdiccional.

Uloženo v:
Podrobná bibliografie
Hlavní autor: Garriga, Carlos (autor)
Další autoři: Lorente, Marta (autora), Clavero, Bartolomé (epílogo)
Médium: Kniha
Vydáno: Madrid; España: Centro de Estudios Políticos y Constitucionales, 2007.
Edice:Cuadernos y Debates,
Témata:
Tagy: Přidat tag
Žádné tagy, Buďte první, kdo vytvoří štítek k tomuto záznamu!

MARC

LEADER 00000nam a22000007a 4500
003 CL-VaPUC
005 20220822114819.0
008 220804t2007 ||||| |||| 00| 0 eng d
999 |c 437998  |d 437996 
020 |a 978-84-259-1356-3 
040 |c Pontificia Universidad Católica de Valparaíso 
082 7 |a 342.46 GAR 2007  |2 22 
100 1 |a Garriga, Carlos   |e autor  |9 874842 
245 |a Cádiz, 1812.  |b La Constitución jurisdiccional.  
260 |a Madrid; España:  |b Centro de Estudios Políticos y Constitucionales,   |c 2007. 
300 |a 527 páginas.  
490 |a Cuadernos y Debates,   |n  174. 
500 |a c.1 Donación Familia Prof. Alejandro Guzmán Brito. 
583 |c 20220804  |k Cristina María Rojas Aguilar 
650 |a Historia constitucional   |z España  |9 874843 
651 |a España  |x Constitución   |y 1812  |9 874844 
651 |a España  |x Política y gobierno   |y 1808-1814.  |9 874845 
700 |a Lorente, Marta   |e autora  |9 874846 
700 |a Clavero, Bartolomé  |e epílogo  |9 874847 
942 |2 ddc  |c BK  |n 0 
952 |0 0  |1 0  |2 ddc  |4 0  |6 342_460000000000000_GAR_2007  |7 1  |8 C_AGB  |9 585864  |a BIBDER  |b BIBDER  |d 2022-08-04  |e Donación   |i 5653803  |o 342.46 GAR 2007  |p 5653803  |r 2023-01-25  |t 1  |w 2022-08-04  |y BK_US  |k AGB